000 00328nam a22001457a 4500
008 221017b ||||| |||| 00| 0 eng d
020 _a9789951279529
041 _aeng
080 _a72
082 _a72 BAL
100 _a19.1
101 _aART
245 _aARKITEKTURA BASHKEKOHORE E PEIZAZHIT
_cBALAJ N
942 _2udc
_cBK
999 _c58585
_d58585